|
|
|
|
| LEADER |
01323nam a2200289 a 4500 |
| 001 |
c000390606 |
| 003 |
CARM |
| 005 |
20120622115516.0 |
| 008 |
120622q1926 enkabf 000 0 eng d |
| 019 |
1 |
|
|a 4925692
|5 LACONCORD2021
|
| 035 |
|
|
|a (OCoLC)219843970
|5 LACONCORD2021
|
| 040 |
|
|
|a DLC
|b eng
|c FO
|d DLC
|
| 050 |
0 |
0 |
|a DA679
|b .W3 1935
|
| 082 |
0 |
4 |
|a 914.21
|
| 110 |
2 |
|
|a Ward, Lock and Company, ltd.
|
| 245 |
1 |
2 |
|a A pictorial and descriptive guide to London :
|b with two large section plans of central London; map of London and twelve miles round; railway maps; main roads out of London; Hyde Park and Kensington Gardens, and twenty other maps and plans.
|
| 250 |
|
|
|a 46th ed., rev.
|
| 260 |
|
|
|a London :
|b Ward, Lock & Co.,
|c [1926?].
|
| 300 |
|
|
|a xvi, 8, 272, 80 p., 64 p. of plates :
|b illu., maps (part fold.) ;
|c 18 cm.
|
| 490 |
1 |
|
|a Illustrated guide books
|
| 651 |
|
0 |
|a London (England)
|v Guidebooks.
|
| 852 |
8 |
|
|b CARM
|p 0581277
|n Fragile condition
|f BK
|
| 852 |
8 |
|
|b SCAN
|h A3:AG01A0
|i A05711
|p 0581277
|f BK
|
| 810 |
2 |
|
|a Ward, Lock and Company, ltd.,.
|t Illustrated guide books
|
| 999 |
f |
f |
|i 29567464-9f67-5c97-88e0-1272bc7cb7e4
|s 711f17c6-805e-5863-b263-57925e42d38d
|
| 952 |
f |
f |
|p Can circulate
|a CAVAL
|b CAVAL
|c CAVAL
|d CARM 1 Store
|i book
|m 0581277
|
| 952 |
f |
f |
|a CAVAL
|b CAVAL
|c CAVAL
|d Unmapped Location
|e A05711
|f A3:AG01A0
|h Other scheme
|